Normal view
MARC view
- Space vehicles
Entry Topical Term
001 - CONTROL NUMBER
- control field: 333859
003 - CONTROL NUMBER IDENTIFIER
- control field: KE-NaSUL
005 - DATE AND TIME OF LATEST TRANSACTION
- control field: 20250829102749.0
008 - FIXED-LENGTH DATA ELEMENTS
- fixed length control field: 250829|| aca||aabn | a|a d
040 ## - CATALOGING SOURCE
- Original cataloging agency: KE-NaSUL
- Transcribing agency: KE-NaSUL
150 ## - HEADING--TOPICAL TERM
- Topical term or geographic name as entry element: Space vehicles
- General subdivision: Aerodynamics
670 ## - SOURCE DATA FOUND
- Source citation: Work cat.: (KE-NaSUL)281605: Regan, Frank J. 333857, Dynamics of atmospheric re-entry, c1993.